banner koha

Efeito de diferentes populacoes de percevejos sobre o rendimento e seus componentes, caracteristicas agronomicas e qualidade de semente de soja (Registro n. 283689)

MARC details
000 -LÍDER
campo de controle de tamanho fixo 01120nac a22003377a 4500
001 - NÚMERO DE CONTROLE
campo de controle BR9101638
003 - IDENTIFICADOR DO NÚMERO DE CONTROLE
campo de controle BR-BrBNA
005 - DATA E HORÁRIO DA ÚLTIMA TRANSAÇÃO
campo de controle 20240105121150.0
008 - CAMPO DE DADOS FIXOS--INFORMAÇÃO GERAL
campo de controle de tamanho fixo 230509b bl.|||m| |||| 00| 0 por d
040 ## - FONTE DA CATALOGAÇÃO
Instituição da catalogação original BR-BrBNA
Idioma da catalogação por
Instituição que transcreveu o registro Biblioteca Nacional de Agricultura
072 ## - CÓDIGO DE CATEGORIA DE ASSUNTO
Código de Categoria de Assunto H10
090 ## - NÚMERO DE CHAMADA LOCAL
Número de chamada 0336 BR9101638
100 1# - ENTRADA PRINCIPAL--NOME PESSOAL
Nome pessoal Villas Boas, G.L.
100 1# - ENTRADA PRINCIPAL--NOME PESSOAL
Nome pessoal Gazzoni, D.L.
100 1# - ENTRADA PRINCIPAL--NOME PESSOAL
Nome pessoal Oliveira, M.C.N. de
100 1# - ENTRADA PRINCIPAL--NOME PESSOAL
Nome pessoal Costa, N.P. da
100 1# - ENTRADA PRINCIPAL--NOME PESSOAL
Nome pessoal Roessing, A.C.
100 1# - ENTRADA PRINCIPAL--NOME PESSOAL
Nome pessoal Franca Neto, J. de B.
100 1# - ENTRADA PRINCIPAL--NOME PESSOAL
Nome pessoal Henning, A.A.
110 1# - ENTRADA PRINCIPAL--NOME CORPORATIVO
Nome corporativo ou nome da jurisdição Centro Nacional de Pesquisa de Soja, Londrina, PR (Brasil)
9 (RLIN) 1793
245 1# - TÍTULO
Título Efeito de diferentes populacoes de percevejos sobre o rendimento e seus componentes, caracteristicas agronomicas e qualidade de semente de soja
260 3# - PUBLICAÇÃO, DISTRIBUIÇÃO, ETC.
Local de publicação, distribuição, etc. Londrina, PR (Brasil):
Data da publicação, distribuição, etc. 1990.
300 ## - DESCRIÇÃO FÍSICA
Extensão 43 p.
490 ## - TÍTULO DA SÉRIE
Título da série Boletim de Pesquisa - Centro Nacional de Pesquisa de Soja (Brazil)
Número do volume ou designação sequencial da série no. 1
ISSN - International Standard Serial Number ISSN 0102-681X
500 ## - NOTA GERAL
Nota geral 32 ref.
650 ## - ASSUNTO--TERMO TÓPICO
Cabeçalho tópico ou nome geográfico SOJA
650 ## - ASSUNTO--TERMO TÓPICO
Cabeçalho tópico ou nome geográfico SEMENTE
650 ## - ASSUNTO--TERMO TÓPICO
Cabeçalho tópico ou nome geográfico PERCEVEJO
909 ## -
-- 202312
-- Lúcia Elande
-- 55
-- Lúcia Elande
942 ## - ELEMENTOS DE ENTRADA ADICIONADOS (KOHA)
Fonte da classificação ou esquema de arquivamento na estante Classificação AGRIS
Ocultar no OPAC Não
Tipo de material Koha Monografia Seriada
Exemplares
Situação do descarte Fonte da classificação ou esquema de arquivamento na estante Situação física Não pode ser emprestado Coleção Biblioteca de origem Biblioteca atual Localização na estante Total de empréstimos Número de telefone completo Código de barras Data de último acesso Tipo de material Koha Fonte de aquisição
  Classificação AGRIS       Biblioteca Nacional de Agricultura - Binagri Biblioteca Nacional de Agricultura - Binagri Agrobase - Acervo Geral   0336 BR9101638 0336 BR9101638 18/12/2023 Monografia Seriada Portaria Interministerial nº 164/94

BINAGRI

Telefone: (61)3218-2567/2388/3357/2097 - binagri@agro.gov.br

Ministério da Agricultura e Pecuária , Esplanada dos Ministérios, Bloco D, Anexo B, Brasília/DF, CEP: 70.043-900